[Event "Dake Memorial"]
[Site "McMinnville"]
[Date "2004.06.10"]
[Round "6"]
[White "Stanford, Mike"]
[Black "Andrianov, Nikolai Ivanovich"]
[Result "1/2-1/2"]
[WhiteElo "2176"]
[BlackElo "2446"]
[PlyCount "32"]
[EventDate "2004.06.05"]
[EventType "tourn"]
[EventRounds "9"]
[EventCountry "USA"]
[EventCategory "3"]
[SourceTitle "CBM 100 Extra"]
[Source "ChessBase"]
[SourceDate "2004.07.06"]
[SourceVersion "2"]
[SourceVersionDate "2004.07.06"]
[SourceQuality "1"]

1. e4 c5 2. Nf3 Nc6 3. d4 cxd4 4. Nxd4 g6 5. c4 Nf6 6. Nc3 d6 7. Be2 Nxd4 8. Qxd4 Bg7 9. Bg5 0-0 10. Qd2 Be6 11. Rc1 Qa5 12. f3 a6 13. b3 Rfc8 14. Nd5 Qxd2+ 15. Kxd2 Nxd5 16. cxd5 Bd7 1/2-1/2

[Event "Dake Memorial"]
[Site "McMinnville"]
[Date "2004.06.05"]
[Round "1"]
[White "Harmon, Clark R"]
[Black "Stanford, Mike"]
[Result "1/2-1/2"]
[WhiteElo "2184"]
[BlackElo "2176"]
[PlyCount "67"]
[EventDate "2004.06.05"]
[EventType "tourn"]
[EventRounds "9"]
[EventCountry "USA"]
[EventCategory "3"]
[SourceTitle "CBM 100 Extra"]
[Source "ChessBase"]
[SourceDate "2004.07.06"]
[SourceVersion "2"]
[SourceVersionDate "2004.07.06"]
[SourceQuality "1"]

1. d4 Nf6 2. c4 e6 3. Nf3 a6 4. Nc3 c5 5. e3 b6 6. a3 Bb7 7. Bd3 d6 8. 0-0 Nbd7 9. b4 Qc7 10. Bb2 Be7 11. Rc1 0-0 12. dxc5 dxc5 13. b5 Rad8 14. bxa6 Bxf3 15. gxf3 Qa7 16. Qe2 Qxa6 17. f4 g6 18. Qf3 Nh5 19. Rfd1 Qc8 20. e4 Qc6 21. Be2 Ng7 22. Nb5 Nf6 23. Bxf6 Bxf6 24. e5 Qxf3 25. Bxf3 Be7 26. Na7 Rxd1+ 27. Rxd1 Rd8 28. Nb5 Rxd1+ 29. Bxd1 Kf8 30. Kg2 Ke8 31. Kf3 Kd8 32. Ke4 Ne8 33. Ba4 Bh4 34. Kf3 1/2-1/2

[Event "British Columbia-ch"]
[Site "Vancouver"]
[Date "2004.04.12"]
[Round "6"]
[White "McLaren, Brian"]
[Black "Stanford, Mike"]
[Result "0-1"]
[WhiteElo "2142"]
[BlackElo "2176"]
[PlyCount "84"]
[EventDate "2004.04.09"]
[EventType "tourn"]
[EventRounds "7"]
[EventCountry "CAN"]
[SourceTitle "EXT 2006"]
[Source "ChessBase"]
[SourceDate "2005.11.24"]
[SourceVersion "1"]
[SourceVersionDate "2005.11.24"]
[SourceQuality "1"]

1. e4 c5 2. Nc3 Nc6 3. g3 g6 4. Bg2 Bg7 5. d3 d6 6. Be3 e5 7. Qd2 Nge7 8. Bh6 Bxh6 9. Qxh6 Nd4 10. Rc1 Qb6 11. Nd1 Be6 12. c3 Ndc6 13. a3 Qa6 14. Qe3 b6 15. Nf3 Bg4 16. 0-0 0-0 17. Nd2 Rad8 18. f3 Be6 19. Nf2 Kg7 20. f4 f6 21. Nf3 exf4 22. Qxf4 Ne5 23. d4 Nxf3+ 24. Bxf3 Qc8 25. h4 h6 26. Rfe1 g5 27. Qe3 Ng6 28. Bh5 Bf7 29. Kh2 Rde8 30. Qf3 Qd8 31. Bxg6 Bxg6 32. h5 Bh7 33. g4 Qe7 34. Re2 f5 35. gxf5 Rxf5 36. Qg3 Rf4 37. Rce1 Qf7 38. e5 Rf3 39. Qg2 Qf4+ 40. Kh1 Rg3 41. Qb7+ Kh8 42. Ne4 Qf3+ 0-1

[Event "British Columbia-ch"]
[Site "Vancouver"]
[Date "2004.04.11"]
[Round "5"]
[White "Stanford, Mike"]
[Black "Fullbrook, Nigel"]
[Result "1-0"]
[WhiteElo "2176"]
[BlackElo "2222"]
[PlyCount "47"]
[EventDate "2004.04.09"]
[EventType "tourn"]
[EventRounds "7"]
[EventCountry "CAN"]
[SourceTitle "EXT 2006"]
[Source "ChessBase"]
[SourceDate "2005.11.24"]
[SourceVersion "1"]
[SourceVersionDate "2005.11.24"]
[SourceQuality "1"]

1. e4 c5 2. Nf3 d6 3. d4 cxd4 4. Nxd4 Nf6 5. Nc3 g6 6. Be3 Bg7 7. f3 Nc6 8. Qd2 Bd7 9. 0-0-0 Rc8 10. Kb1 a6 11. Be2 b5 12. g4 h5 13. h3 b4 14. Nd5 a5 15. Nxc6 Rxc6 16. Bb5 Nxd5 17. Bxc6 Nxe3 18. Bxd7+ Qxd7 19. Qxe3 hxg4 20. hxg4 0-0 21. f4 Qxg4 22. f5 gxf5 23. Rdg1 Qxe4 24. Rxg7+ 1-0

[Event "Victoria op07"]
[Site "Victoria"]
[Date "2003.07.13"]
[Round "4"]
[White "Stanford, Mike"]
[Black "Tegzes, Laszlo"]
[Result "1/2-1/2"]
[WhiteElo "2181"]
[BlackElo "2116"]
[PlyCount "74"]
[EventDate "2003.07.11"]
[EventType "swiss"]
[EventRounds "5"]
[EventCountry "CAN"]
[SourceTitle "EXT 2008"]
[Source "ChessBase"]
[SourceDate "2007.11.25"]
[SourceVersion "1"]
[SourceVersionDate "2007.11.25"]
[SourceQuality "1"]

1. e4 c5 2. Nf3 e6 3. d4 cxd4 4. Nxd4 Nf6 5. Nc3 Nc6 6. Ndb5 d6 7. Bf4 e5 8. Bg5 a6 9. Na3 b5 10. Bxf6 gxf6 11. Nd5 f5 12. Bd3 Be6 13. 0-0 Bg7 14. Qh5 f4 15. c4 bxc4 16. Bxc4 0-0 17. Rac1 Ne7 18. Rfd1 Bxd5 19. Bxd5 Rc8 20. Nc4 Nxd5 21. Rxd5 Rc5 22. Rxc5 dxc5 23. Rd1 Qb8 24. Rd5 Qb4 25. Qe2 f5 26. f3 fxe4 27. Qxe4 Rb8 28. Rd7 Rf8 29. Qd5+ Kh8 30. Kf1 e4 31. Rb7 Qa4 32. fxe4 Qxa2 33. Nd6 Qb1+ 34. Ke2 f3+ 35. Kd2 Bh6+ 36. Kc3 Bg7+ 37. Kd2 Bh6+ 1/2-1/2

[Event "Victoria op07"]
[Site "Victoria"]
[Date "2003.07.12"]
[Round "2"]
[White "Yoos, John C"]
[Black "Stanford, Mike"]
[Result "1-0"]
[WhiteElo "2370"]
[BlackElo "2181"]
[PlyCount "79"]
[EventDate "2003.07.11"]
[EventType "swiss"]
[EventRounds "5"]
[EventCountry "CAN"]
[SourceTitle "EXT 2008"]
[Source "ChessBase"]
[SourceDate "2007.11.25"]
[SourceVersion "1"]
[SourceVersionDate "2007.11.25"]
[SourceQuality "1"]

1. e4 c5 2. Nf3 e6 3. d4 cxd4 4. Nxd4 a6 5. Bd3 Ne7 6. Qe2 Nbc6 7. Nb3 Ng6 8. f4 Qc7 9. 0-0 b5 10. Be3 Bb7 11. a4 bxa4 12. Rxa4 Nb4 13. Na5 Bc8 14. Nd2 Rb8 15. Kh1 Nxd3 16. Qxd3 Bb4 17. Nac4 Qc6 18. Qb3 Bxd2 19. Qxb8 Bxe3 20. Nxe3 Qxa4 21. Qxc8+ Ke7 22. Qc5+ d6 23. Qa7+ Qd7 24. Qxa6 Rb8 25. b3 Qb5 26. Qxb5 Rxb5 27. g3 Nf8 28. Ra1 Nd7 29. Ra7 g6 30. Kg2 f5 31. Kf3 Rc5 32. exf5 exf5 33. c4 Ke6 34. Nd5 Rc6 35. Ke3 h6 36. Kd4 h5 37. h4 Rc5 38. b4 Rc6 39. Kd3 Rc8 40. Rxd7 1-0

[Event "Victoria Taylor Memorial"]
[Site "Victoria"]
[Date "2002.11.23"]
[Round "3"]
[White "Yoos, John C"]
[Black "Stanford, Mike"]
[Result "1/2-1/2"]
[WhiteElo "2419"]
[BlackElo "2204"]
[PlyCount "55"]
[EventDate "2002.11.23"]
[EventType "swiss"]
[EventRounds "5"]
[EventCountry "CAN"]
[SourceTitle "EXT 2022"]
[Source "ChessBase"]
[SourceDate "2021.10.06"]
[SourceVersion "1"]
[SourceVersionDate "2021.10.06"]
[SourceQuality "1"]

1. e4 c5 2. Nf3 e6 3. d4 cxd4 4. Nxd4 a6 5. Bd3 Qc7 6. Qe2 Bc5 7. Nb3 Be7 8. Nc3 d6 9. f4 Nd7 10. Bd2 b5 11. a4 b4 12. Nd1 a5 13. Nd4 Bb7 14. Nf2 Ngf6 15. Nb5 Qb8 16. 0-0 e5 17. Ng4 Bc6 18. Rae1 Nc5 19. fxe5 dxe5 20. Nxe5 Qxe5 21. Bf4 Qh5 22. Nc7+ Kd8 23. Qd2 Kc8 24. e5 Nfe4 25. Qe3 Kb7 26. Bb5 Bxb5 27. axb5 Rad8 28. Kh1 1/2-1/2

[Event "British Columbia-ch"]
[Site "Victoria"]
[Date "2002.10.13"]
[Round "4"]
[White "Stanford, Mike"]
[Black "Berry, Jonathan"]
[Result "1/2-1/2"]
[WhiteElo "2195"]
[BlackElo "2274"]
[PlyCount "137"]
[EventDate "2002.10.11"]
[EventType "swiss"]
[EventRounds "7"]
[EventCountry "CAN"]
[SourceTitle "EXT 2009"]
[Source "ChessBase"]
[SourceDate "2008.11.26"]
[SourceVersion "1"]
[SourceVersionDate "2008.11.26"]
[SourceQuality "1"]

1. e4 d6 2. d4 g6 3. Nc3 a6 4. Be3 b5 5. Qd2 Nd7 6. f3 e6 7. g4 h5 8. g5 Nb6 9. b3 Ne7 10. Bd3 Bg7 11. f4 d5 12. e5 c6 13. Nce2 a5 14. a3 Nf5 15. Bf2 Bf8 16. c3 Qc7 17. Nf3 Bd7 18. 0-0 Be7 19. b4 Ra6 20. Qc1 Nc4 21. Rb1 Qa7 22. Nd2 0-0 23. Nxc4 bxc4 24. Bc2 axb4 25. axb4 Ra8 26. Rb2 Ra3 27. Bb1 Ra1 28. Rd1 Qb8 29. Rdd2 R8a4 30. Ra2 Qa8 31. Rxa1 Rxa1 32. Qb2 Ng7 33. Kg2 Ra3 34. Ba2 Qa4 35. Qc2 Qxc2 36. Rxc2 Bc8 37. Be1 Ba6 38. Bd2 Bb5 39. Bc1 Ra8 40. Kf2 Nf5 41. Rb2 Ng7 42. Ke1 Ne8 43. Bd2 Nc7 44. Kf2 Ra3 45. Bc1 Kf8 46. Ke1 Ke8 47. Kf2 Kd7 48. Ke1 Kc8 49. Rc2 Ra7 50. Rb2 Kb7 51. Bb1 Ra1 52. Kd2 Na8 53. Bc2 Nb6 54. Rb1 Ra2 55. Rb2 Ra6 56. Rb1 Ba4 57. Ra1 Bxc2 58. Rxa6 Kxa6 59. Kxc2 Kb5 60. Bd2 Ka4 61. Bc1 Na8 62. Bd2 Nc7 63. Bc1 Ne8 64. h4 Nc7 65. Bd2 Na6 66. Kb2 Nc7 67. Kc2 Nb5 68. Be1 Ka3 69. Bd2 1/2-1/2

[Event "British Columbia-ch"]
[Site "Victoria"]
[Date "2002.10.11"]
[Round "1"]
[White "Stanford, Mike"]
[Black "Scoones, Daniel"]
[Result "0-1"]
[WhiteElo "2156"]
[BlackElo "2295"]
[PlyCount "52"]
[EventDate "2002.10.11"]
[EventType "swiss"]
[EventRounds "7"]
[EventCountry "CAN"]
[SourceTitle "EXT 2009"]
[Source "ChessBase"]
[SourceDate "2008.11.26"]
[SourceVersion "1"]
[SourceVersionDate "2008.11.26"]
[SourceQuality "1"]

1. e4 d5 2. exd5 Nf6 3. d4 Nxd5 4. c4 Nb6 5. Nf3 g6 6. h3 Bg7 7. Nc3 0-0 8. Be3 Nc6 9. Qd2 e5 10. d5 Ne7 11. g4 e4 12. Ng5 f5 13. 0-0-0 h6 14. Ne6 Bxe6 15. dxe6 Qe8 16. c5 Na4 17. Bxh6 Rd8 18. Qxd8 Bxh6+ 19. Kc2 Qxd8 20. Rxd8 Rxd8 21. Nxa4 Rd2+ 22. Kb3 Rxf2 23. Bc4 Kf8 24. Rf1 Rxf1 25. Bxf1 Nd5 26. Nc3 Ne3 0-1

[Event "CAN-ch & zonal"]
[Site "Richmond"]
[Date "2002.03.21"]
[Round "1"]
[White "Ristovic, Nenad"]
[Black "Stanford, Mike"]
[Result "1-0"]
[WhiteElo "2294"]
[BlackElo "2254"]
[PlyCount "121"]
[EventDate "2002.03.21"]
[EventType "swiss"]
[EventRounds "11"]
[EventCountry "CAN"]
[SourceTitle "CBM 088"]
[Source "ChessBase"]
[SourceDate "2002.03.21"]
[SourceVersion "1"]
[SourceVersionDate "2002.03.21"]
[SourceQuality "1"]

1. d4 d5 2. c4 c6 3. cxd5 cxd5 4. Nc3 Nf6 5. Bf4 a6 6. e3 Nc6 7. Bd3 e6 8. Nf3 Be7 9. h3 0-0 10. 0-0 b5 11. Rc1 Bb7 12. Ne5 Rc8 13. Qe2 Nxe5 14. Bxe5 Nd7 15. Bg3 Nb6 16. Nb1 Qd7 17. Nd2 Rxc1 18. Rxc1 Rc8 19. Rf1 Nc4 20. Nf3 Nd6 21. Bxd6 Bxd6 22. Nd2 g6 23. Nb3 Qc7 24. Qd2 b4 25. Rc1 Qb6 26. Rxc8+ Bxc8 27. Qc2 Bb7 28. Nc5 Bxc5 29. dxc5 Qc6 30. f3 f5 31. a3 a5 32. Kf2 Kf7 33. a4 Qc7 34. Bb5 Bc6 35. f4 e5 36. g3 Ke6 37. fxe5 Kxe5 38. b3 Ba8 39. Qb2+ Ke6 40. Qh8 Bb7 41. Qe8+ Kf6 42. c6 Bc8 43. Qf8+ Ke6 44. Ke2 Ke5 45. Kd3 Be6 46. Qh6 Kf6 47. Qh4+ Kg7 48. Qf4 Qe7 49. Qe5+ Kf7 50. Kd4 Qa7+ 51. Kd3 Qc5 52. c7 Qc1 53. Ke2 Qc2+ 54. Kf1 Qc1+ 55. Kf2 Qc2+ 56. Kf3 Qe4+ 57. Qxe4 dxe4+ 58. Kf4 Kf6 59. h4 h6 60. g4 g5+ 61. hxg5+ 1-0

[Event "Victoria Taylor Memorial"]
[Site "Victoria"]
[Date "2001.11.18"]
[Round "5"]
[White "Stanford, Mike"]
[Black "Charbonneau, Pascal"]
[Result "0-1"]
[WhiteElo "2180"]
[BlackElo "2444"]
[PlyCount "60"]
[EventDate "2001.11.17"]
[EventType "swiss"]
[EventRounds "5"]
[EventCountry "CAN"]
[SourceTitle "EXT 2022"]
[Source "ChessBase"]
[SourceDate "2021.10.06"]
[SourceVersion "1"]
[SourceVersionDate "2021.10.06"]
[SourceQuality "1"]

1. e4 c5 2. Nf3 Nc6 3. d4 cxd4 4. Nxd4 Qc7 5. Nb5 Qb8 6. c4 Nf6 7. N5c3 e6 8. Be2 a6 9. Be3 d6 10. 0-0 Be7 11. f4 0-0 12. Nd2 Rd8 13. Bb6 Re8 14. Bd3 Nd7 15. Be3 b6 16. g4 Nc5 17. Be2 Bf8 18. a3 Bb7 19. Rf3 g6 20. Rh3 Bg7 21. Rc1 Nd4 22. Bf1 f5 23. Bg2 fxe4 24. Ndxe4 Ncb3 25. Rb1 Qc7 26. Nxd6 Bxg2 27. Nxe8 Qc6 28. Rg3 Bf3 29. Rxf3 Nxf3+ 30. Kf2 Nh4 0-1

[Event "Victoria Taylor Memorial"]
[Site "Victoria"]
[Date "2001.11.17"]
[Round "3"]
[White "Stanford, Mike"]
[Black "Moore, Harry"]
[Result "0-1"]
[WhiteElo "2180"]
[BlackElo "2257"]
[PlyCount "161"]
[EventDate "2001.11.17"]
[EventType "swiss"]
[EventRounds "5"]
[EventCountry "CAN"]
[SourceTitle "EXT 2022"]
[Source "ChessBase"]
[SourceDate "2021.10.06"]
[SourceVersion "1"]
[SourceVersionDate "2021.10.06"]
[SourceQuality "1"]

1. e4 c5 2. Nf3 d6 3. d4 cxd4 4. Nxd4 Nf6 5. Nc3 g6 6. Be3 Bg7 7. f3 Nc6 8. Qd2 0-0 9. Bc4 Bd7 10. 0-0-0 Rc8 11. Bb3 Ne5 12. Bg5 Nc4 13. Bxc4 Rxc4 14. Nde2 Qa5 15. Kb1 Rfc8 16. Bxf6 exf6 17. Nd5 Qd8 18. Ne3 R4c6 19. Nd4 Ra6 20. Qd3 f5 21. exf5 Qa5 22. a3 Qc5 23. Nb3 Qe5 24. Qd4 Bxf5 25. Qxe5 dxe5 26. Nxf5 gxf5 27. Rd7 Rb6 28. Re1 Rbc6 29. Re2 R6c7 30. Rd5 b6 31. c3 f6 32. Kc2 Kf7 33. Rd3 Bh6 34. Rd1 Rg8 35. g3 Bg7 36. Nd2 Rd8 37. Nf1 Rxd1 38. Kxd1 Bh6 39. Kc2 Re7 40. Kd3 f4 41. g4 Ke6 42. Ke4 Bf8 43. Rd2 Re8 44. Rd3 Rc8 45. Rd2 Be7 46. h3 Rc7 47. Rd1 b5 48. Kd3 a5 49. Nd2 Rc8 50. c4 b4 51. axb4 Bxb4 52. Ne4 Rh8 53. Kc2 h5 54. c5 hxg4 55. hxg4 Rc8 56. Rd6+ Ke7 57. Rd5 Ke6 58. Rd6+ Ke7 59. Rxf6 Bxc5 60. Rf5 Bd4+ 61. Nc3 Ke6 62. Rh5 Bxc3 63. bxc3 Kd5 64. Rh1 Ra8 65. Kd3 a4 66. c4+ Kc5 67. Re1 a3 68. Rxe5+ Kb4 69. Rb5+ Ka4 70. Kc3 Re8 71. Rb4+ Ka5 72. Rb5+ Ka4 73. Rb7 Re3+ 74. Kd4 Rxf3 75. Ke4 Rf1 76. Ra7+ Kb4 77. c5 Kb3 78. c6 Rc1 79. c7 a2 80. Kxf4 Rxc7 81. g5 0-1

[Event "Victoria Labour Day op"]
[Site "Victoria"]
[Date "2001.09.01"]
[Round "1"]
[White "Ozkan, Caqri"]
[Black "Stanford, Mike"]
[Result "0-1"]
[WhiteElo "1403"]
[BlackElo "2187"]
[PlyCount "58"]
[EventDate "2001.09.01"]
[EventType "swiss"]
[EventRounds "6"]
[EventCountry "CAN"]
[SourceTitle "EXT 2022"]
[Source "ChessBase"]
[SourceDate "2021.10.06"]
[SourceVersion "1"]
[SourceVersionDate "2021.10.06"]
[SourceQuality "1"]

1. e4 c5 2. Nf3 e6 3. d4 cxd4 4. Nxd4 Nf6 5. Nd2 d6 6. Be2 a6 7. 0-0 Be7 8. a4 Qc7 9. c3 b6 10. Kh1 Bb7 11. f3 Nbd7 12. Nc4 h6 13. Be3 d5 14. exd5 Bxd5 15. Nd2 Bd6 16. Bg1 h5 17. Qe1 h4 18. h3 Nh5 19. Bf2 Bg3 20. Bd3 Ne5 21. Be4 Bxf2 22. Rxf2 Bxe4 23. Nxe4 Nd3 24. Qd2 Nxf2+ 25. Qxf2 Ng3+ 26. Kg1 Qf4 27. Re1 0-0 28. Nd2 Rac8 29. Ne4 Rfd8 0-1

[Event "British Columbia - Alberta Masters A"]
[Site "Victoria"]
[Date "2001.06.13"]
[Round "1"]
[White "Stanford, Mike"]
[Black "Moore, Harry"]
[Result "0-1"]
[WhiteElo "2167"]
[BlackElo "2255"]
[PlyCount "76"]
[EventDate "2001.06.13"]
[EventType "tourn"]
[EventRounds "5"]
[EventCountry "CAN"]
[SourceTitle "EXT 2022"]
[Source "ChessBase"]
[SourceDate "2021.10.06"]
[SourceVersion "1"]
[SourceVersionDate "2021.10.06"]
[SourceQuality "1"]

1. e4 e5 2. f4 exf4 3. Nf3 d6 4. Bc4 h6 5. d4 g5 6. h4 g4 7. Ng1 Qf6 8. Qd2 Bg7 9. c3 f3 10. gxf3 gxf3 11. Qf4 Qxf4 12. Bxf4 Nf6 13. Nd2 Be6 14. Bd3 f2+ 15. Kxf2 Nbd7 16. Ne2 0-0-0 17. Rhg1 Bf8 18. Kf3 d5 19. c4 dxe4+ 20. Nxe4 Nxe4 21. Kxe4 Be7 22. Kf3 Bxh4 23. d5 Nc5 24. Bc2 Bd7 25. b4 Na6 26. a3 h5 27. Nd4 Bg4+ 28. Ke3 Rhe8+ 29. Kd3 c5 30. Rxg4 hxg4 31. Nb5 Bf6 32. Rf1 Be5 33. Bxe5 Rxe5 34. Rxf7 cxb4 35. Kd4 Rg5 36. Bf5+ Kb8 37. c5 g3 38. Nd6 g2 0-1

[Event "Keres Memorial 26th"]
[Site "Vancouver"]
[Date "2001.05.29"]
[Round "6"]
[White "Stanford, Mike"]
[Black "Yoos, John C"]
[Result "0-1"]
[WhiteElo "2257"]
[BlackElo "2346"]
[PlyCount "43"]
[EventDate "2001.05.18"]
[EventType "swiss"]
[EventRounds "7"]
[EventCountry "CAN"]
[SourceTitle "CBM 082 Extra"]
[Source "ChessBase"]
[SourceDate "2001.07.03"]
[SourceVersion "1"]
[SourceVersionDate "2001.07.03"]
[SourceQuality "1"]

1. e4 c5 2. Nf3 d6 3. d4 cxd4 4. Nxd4 Nf6 5. Nc3 g6 6. Be3 Bg7 7. f3 Nc6 8. Qd2 0-0 9. Bc4 Bd7 10. 0-0-0 Ne5 11. Bb3 Qa5 12. Kb1 Rfc8 13. g4 Nc4 14. Bxc4 Rxc4 15. Nb3 Qa6 16. e5 Nxg4 17. fxg4 Bxg4 18. exd6 Bxd1 19. Rxd1 Qxd6 20. Qe2 Qe6 21. Qd3 Rcc8 22. Nd5 0-1

[Event "Keres Memorial 26th"]
[Site "Vancouver"]
[Date "2001.05.21"]
[Round "7"]
[White "Milicevic, Dragoljub"]
[Black "Stanford, Mike"]
[Result "0-1"]
[WhiteElo "2264"]
[BlackElo "2257"]
[PlyCount "46"]
[EventDate "2001.05.18"]
[EventType "swiss"]
[EventRounds "7"]
[EventCountry "CAN"]
[SourceTitle "CBM 082 Extra"]
[Source "ChessBase"]
[SourceDate "2001.07.03"]
[SourceVersion "1"]
[SourceVersionDate "2001.07.03"]
[SourceQuality "1"]

1. g3 d5 2. Bg2 c6 3. Nf3 Bg4 4. d3 Nd7 5. Nbd2 e6 6. h3 Bh5 7. 0-0 Bd6 8. b3 f6 9. Bb2 Ne7 10. e4 e5 11. exd5 cxd5 12. c4 Nc5 13. Qe2 0-0 14. Rfd1 Bg6 15. Ne1 d4 16. Ne4 Rb8 17. Rac1 a5 18. Qc2 f5 19. Nxd6 Qxd6 20. a3 Nc6 21. Rb1 e4 22. dxe4 fxe4 23. Bxe4 Bxe4 0-1